<?xml version="1.0" encoding="UTF-8"?><?xml-stylesheet type="text/xsl" href="static/style.xsl"?><OAI-PMH xmlns="http://www.openarchives.org/OAI/2.0/" xmlns:xsi="http://www.w3.org/2001/XMLSchema-instance" xsi:schemaLocation="http://www.openarchives.org/OAI/2.0/ http://www.openarchives.org/OAI/2.0/OAI-PMH.xsd"><responseDate>2026-04-29T10:54:23Z</responseDate><request verb="GetRecord" identifier="oai:riubu.ubu.es:10259/7837" metadataPrefix="marc">https://riubu.ubu.es/oai/request</request><GetRecord><record><header><identifier>oai:riubu.ubu.es:10259/7837</identifier><datestamp>2025-12-02T23:42:32Z</datestamp><setSpec>com_10259_2699</setSpec><setSpec>col_10259_2703</setSpec></header><metadata><record xmlns="http://www.loc.gov/MARC21/slim" xmlns:doc="http://www.lyncode.com/xoai" xmlns:xsi="http://www.w3.org/2001/XMLSchema-instance" xmlns:dcterms="http://purl.org/dc/terms/" xsi:schemaLocation="http://www.loc.gov/MARC21/slim http://www.loc.gov/standards/marcxml/schema/MARC21slim.xsd">
<leader>00925njm 22002777a 4500</leader>
<datafield tag="042" ind1=" " ind2=" ">
<subfield code="a">dc</subfield>
</datafield>
<datafield tag="720" ind1=" " ind2=" ">
<subfield code="a">Fonfría Solabarrieta, Marta</subfield>
<subfield code="e">author</subfield>
</datafield>
<datafield tag="260" ind1=" " ind2=" ">
<subfield code="c">2022</subfield>
</datafield>
<datafield tag="520" ind1=" " ind2=" ">
<subfield code="a">Las enfermedades poco frecuentes requieren de cuidados especializados. La&#xd;
Esclerosis Lateral Amiotrófica (ELA) se conoce como una enfermedad relativamente&#xd;
poco frecuente, a pesar de la baja prevalencia, un 0,4%, de las enfermedades&#xd;
neurodegenerativas. Atender y cuidar a una persona diagnosticada de ELA supone&#xd;
prestar cuidados continuados, ininterrumpidos y especializados.&#xd;
Conocer este fenómeno directamente desde la experiencia de los familiares que&#xd;
cuidan y las personas con ELA ha puesto de manifiesto la falta de apoyo familiar y&#xd;
recursos especializados para el cuidado y atención que requiere una persona con ELA&#xd;
y el familiar que asume el rol de cuidador en el entorno familiar.&#xd;
Proponer orientaciones desde un planteamiento activo y participativo de los familiares&#xd;
cuidadores y personas con ELA, que puedan ser aplicadas para mejorar aspectos&#xd;
pendientes en torno a esta realidad haciéndoles impulsores de acciones que mejoren&#xd;
su situación, es el objetivo de esta tesis.</subfield>
</datafield>
<datafield tag="520" ind1=" " ind2=" ">
<subfield code="a">Rare diseases require specialized care. ALS is considered a relatively rare disease,&#xd;
despite the low prevalence (0.4%) of neurodegenerative diseases. People diagnosed&#xd;
with ALS require being looked after in a continuous, uninterrupted and specialized&#xd;
manner.&#xd;
This topic has been studied directly from the experience of the families and caregivers&#xd;
of people diagnosed with ALS. This approach has revealed the lack of support for&#xd;
those families and the lack of the specialized resources needed both by the person&#xd;
diagnosed with ALS and the family members who become caregivers.&#xd;
The aim of this thesis is to propose orientations to improve this reality. These&#xd;
orientations must come from an active and participatory role of family caregivers and&#xd;
people with ALS, so that they can become the driving force behind the actions that&#xd;
improve their situation.</subfield>
</datafield>
<datafield tag="024" ind2=" " ind1="8">
<subfield code="a">http://hdl.handle.net/10259/7837</subfield>
</datafield>
<datafield tag="024" ind2=" " ind1="8">
<subfield code="a">10.36443/10259/7837</subfield>
</datafield>
<datafield ind1=" " ind2=" " tag="653">
<subfield code="a">Cuidados especializados</subfield>
</datafield>
<datafield ind1=" " ind2=" " tag="653">
<subfield code="a">Esclerosis Lateral Amiotrófica (ELA)</subfield>
</datafield>
<datafield ind1=" " ind2=" " tag="653">
<subfield code="a">Formación</subfield>
</datafield>
<datafield ind1=" " ind2=" " tag="653">
<subfield code="a">Fenomenología</subfield>
</datafield>
<datafield ind1=" " ind2=" " tag="653">
<subfield code="a">Familiar</subfield>
</datafield>
<datafield ind1=" " ind2=" " tag="653">
<subfield code="a">Cuidador</subfield>
</datafield>
<datafield ind1=" " ind2=" " tag="653">
<subfield code="a">Enfermedad compleja</subfield>
</datafield>
<datafield ind1=" " ind2=" " tag="653">
<subfield code="a">Metodología activa-participativa</subfield>
</datafield>
<datafield ind1=" " ind2=" " tag="653">
<subfield code="a">Specialized care</subfield>
</datafield>
<datafield ind1=" " ind2=" " tag="653">
<subfield code="a">Amyotrophic Lateral Sclerosis (ELA)</subfield>
</datafield>
<datafield ind1=" " ind2=" " tag="653">
<subfield code="a">Training</subfield>
</datafield>
<datafield ind1=" " ind2=" " tag="653">
<subfield code="a">Phenomenology</subfield>
</datafield>
<datafield ind1=" " ind2=" " tag="653">
<subfield code="a">Family</subfield>
</datafield>
<datafield ind1=" " ind2=" " tag="653">
<subfield code="a">Carer</subfield>
</datafield>
<datafield ind1=" " ind2=" " tag="653">
<subfield code="a">Complex conditions</subfield>
</datafield>
<datafield ind1=" " ind2=" " tag="653">
<subfield code="a">Active-participatory methodology</subfield>
</datafield>
<datafield tag="245" ind1="0" ind2="0">
<subfield code="a">Necesidades formativas en el cuidado de personas con diagnóstico complejo de esclerosis lateral amiotrófica: propuesta y orientaciones sobre formación dirigida a familiares cuidadores</subfield>
</datafield>
</record></metadata></record></GetRecord></OAI-PMH>